000 00702cab a2200253 4500
001 X3119
008 090401t1995 xxu||||| |||| 00| 0 eng d
035 _a(Sirsi) u28539
041 _aeng
100 _aInder, A.
245 _aBalancing development with conservation in Southampton
260 _c1995
350 _a0
490 _aCSM (Chartered Surveyor Monthly)
_v5(3) November/December 1995, 40-41(2)
650 _aCOASTAL ZONES
650 _aDIBDEN BAY
650 _aSOLENT
650 _aSOUTH HAMPSHIRE STRUCTURE PLAN FIRST ALTERATION
650 _aSOUTHAMPTON
690 _aENVIRONMENTAL AND LAND CONSULTANCY
690 _aMARINE RESOURCES
942 _n0
948 _c04/03/1997
999 _c19195
_d19195